000 00877nam a2200253 a 4500
005 20260112063327.0
020 _a978007107790
039 _a202111121445
_bstaff
_y 201702011509
_z staff
082 _a519.5
_bACZ [ Shelf 77 ]
100 _aAczel, Amir D.
245 _aComplete business statistics /
_cAmir D. Aczel, Jayavel Sounderpandian, Palanisamy Saravanan, Rohit Joshi
250 _a7th ed.
260 _aNew Delhi :
_bTata McGraw-Hill,
_c2012.
300 _axxvii, 960 p. :
_bcol. ill. ;
_c29 cm.
500 _aIncludes bibliographical references and index.
650 _aCommercial statistics.
650 _aStatistics.
700 _aSounderpandian, Jayavel.
700 _aSaravanan, Palanisamy
700 _aJoshi Rohit
991 _aVIRTUA40
991 _aVTLSSORT0080*0200*0820*1000*2450*2500*2600*3000*5000*6500*6501*7000*7001*7002*9992
909 _a5654
999 _c5107
_d5107